Fifty Famous People : (Record no. 235491)
[ view plain ]
| 000 -LEADER | |
|---|---|
| fixed length control field | 01972cam a22002653a 4500 |
| 001 - CONTROL NUMBER | |
| control field | 6168 |
| 003 - CONTROL NUMBER IDENTIFIER | |
| control field | PGUSA |
| 005 - DATE AND TIME OF LATEST TRANSACTION | |
| control field | 20140828083129.0 |
| 008 - FIXED-LENGTH DATA ELEMENTS--GENERAL INFORMATION | |
| fixed length control field | 040701s2004||||xxu|||||s|||||000 | eng d |
| 040 ## - CATALOGING SOURCE | |
| Original cataloging agency | PGUSA |
| Language of cataloging | eng |
| 042 ## - AUTHENTICATION CODE | |
| Authentication code | dc |
| 050 #4 - LIBRARY OF CONGRESS CALL NUMBER | |
| Classification number | PZ |
| 100 1# - MAIN ENTRY--PERSONAL NAME | |
| Personal name | Baldwin, James, |
| Dates associated with a name | 1841-1925 |
| 245 10 - TITLE STATEMENT | |
| Title | Fifty Famous People : |
| Remainder of title | A Book of Short Stories |
| Medium | [electronic resource] / |
| Statement of responsibility, etc | James Baldwin |
| 260 ## - PUBLICATION, DISTRIBUTION, ETC. (IMPRINT) | |
| Name of publisher, distributor, etc | Project Gutenberg, |
| Date of publication, distribution, etc | 2004 |
| 505 0# - FORMATTED CONTENTS NOTE | |
| Formatted contents note | Saving the birds -- Another bird story -- Speaking a piece -- Writing a composition -- The whistle -- The Ettrick Shepherd -- The Caliph and the poet -- "Beccos! Beccos! Beccos!" -- A lesson in humility -- The midnight ride -- The boy and the wolf -- Another wolf story -- The horseshoe nails -- The landlord's mistake -- A lesson in manners -- Going to sea -- The shepherd-boy painter -- Two great painters -- The king and the bees -- Our first great painter -- The young scout -- The lad who rode sidesaddle -- The whisperers -- How a prince learned to read -- "Read, and you will know" -- The young cupbearer -- The sons of the Caliph -- The boy and the robbers -- A lesson in justice -- The general and the fox -- The bomb -- A story of old Rome -- Saved by a dolphin -- "Little brothers of the air" -- A clever slave -- One of Aesop's fables -- The dark day -- The surly guest -- The story of a great story -- The king and the page -- The hunted king -- "Try, try again!" -- Why he carried the turkey -- The paddle-wheel boat -- The Caliph and the gardener -- The cowherd who become a poet -- The lover of men -- The charocoal man and the king -- Which was the king? -- The golden tripod. |
| 506 ## - RESTRICTIONS ON ACCESS NOTE | |
| Terms governing access | Public domain in the USA. |
| 516 ## - TYPE OF COMPUTER FILE OR DATA NOTE | |
| Type of computer file or data note | Electronic text |
| 653 ## - INDEX TERM--UNCONTROLLED | |
| Uncontrolled term | Conduct of life -- Juvenile literature |
| 653 ## - INDEX TERM--UNCONTROLLED | |
| Uncontrolled term | Heroes -- Juvenile literature |
| 653 ## - INDEX TERM--UNCONTROLLED | |
| Uncontrolled term | Character -- Juvenile literature |
| 830 #0 - SERIES ADDED ENTRY--UNIFORM TITLE | |
| Uniform title | Project Gutenberg |
| Volume number/sequential designation | 6168 |
| 856 40 - ELECTRONIC LOCATION AND ACCESS | |
| Uniform Resource Identifier | <a href="http://www.gutenberg.org/ebooks/6168">http://www.gutenberg.org/ebooks/6168</a> |
| 942 ## - ADDED ENTRY ELEMENTS (KOHA) | |
| Koha item type | eBooks |
| Withdrawn status | Lost status | Damaged status | Home library | Current library | Date acquired | Total Checkouts | Date last seen | Price effective from | Koha item type |
|---|---|---|---|---|---|---|---|---|---|
| Project Gutenberg | Project Gutenberg | 08/28/2014 | 08/28/2014 | 08/28/2014 | eBooks |